000 00460nam a2200169 4500
001 121091
003 ES-MaACL
005 20230906191702.0
007 t|
008 070214s1967 sp r ||||1| spa d
100 1 _aPrescott, Frederick.
_993776
245 1 3 _aEl control del dolor /
_cFrederick Prescott.
250 _a1ª ed.
260 _aBarcelona :
_bOikos-tau,
_c1967.
300 _a159 p., 11 lám. ;
_c21 cm.
852 _aES-MaACL
_jC-32801
_bR.63464
999 _c121091
_d121091